|
|
|
|
| LEADER |
00930nam a2200253 a 4500 |
| 001 |
516678 |
| 008 |
100110r19861975enk b 001 0 eng d |
| 010 |
|
|
|a 86017278
|
| 020 |
|
|
|a 8121910862
|
| 020 |
|
|
|a 0043000266 (alk. paper)
|
| 020 |
|
|
|a 0043000274 (pbk. : alk. paper)
|
| 040 |
|
|
|a DLC
|c DLC
|d DLC
|d BD-DhAAL
|
| 082 |
0 |
0 |
|a 301
|2 19
|
| 100 |
1 |
|
|a Bottomore, T. B.,
|d 1920-1992
|
| 245 |
1 |
0 |
|a Sociology :
|b a guide to problems and literature /
|c Tom Bottomore.
|
| 250 |
|
|
|a Rev. ed.
|
| 260 |
|
|
|a London ;
|a New Delhi ;
|a Boston :
|b Blackie & Son,
|c 1975.[printing 1986]
|
| 300 |
|
|
|a xii, 352 p. ;
|c 23 cm.
|
| 504 |
|
|
|a Includes bibliography and index.
|
| 541 |
1 |
|
|e 00010804
|
| 650 |
|
0 |
|a Sociology.
|
| 852 |
4 |
|
|a Ayesha Abed Library
|j General Shelf.
|
| 999 |
|
|
|c 6854
|d 6854
|
| 952 |
|
|
|0 0
|1 0
|2 ddc
|4 0
|6 301_BOT_198600000000000
|7 0
|9 7065
|a BRACUL
|b BRACUL
|c GEN
|d 2010-01-11
|l 12
|m 22
|o 301 BOT
|p 3010010804
|r 2025-10-18
|s 2025-09-21
|t 1
|w 2010-01-11
|y BK
|